000 00645nam a2200229Ia 4500
005 20260320202006.0
008 008 262003s9999 xx 000 0 eng d
037 _aEBOOK
040 _aCRL
040 _beng
040 _cCRL
041 _2eng
041 _aeng
084 _qCRL
100 _aLefebvre
_9922930
245 0 _aWordPress Plugin Development Cookbook: Explore the complete set of tools to craft powerful plugins that extend the world’s most popular CMS
260 _bIEEE
856 _uhttps://ieeexplore.ieee.org/servlet/opac?bknumber=10162567
942 _cEBOOK
999 _c1724695
_d1724695